000 01643nam a22002537a 4500
003 AR-CdUFF
005 20180615144953.0
008 140606s2013 bo |||||||||| 00| 0 spa|d
040 _aAR-CdUFF
_dAR-CdUFF
041 0 _aspa
080 _a338
082 1 4 _214
_a320.84
100 1 _92753
_aGarcía Linera, Alvaro
_d1962-
245 1 4 _aLas tensiones creativas de la revolución :
_bla quinta fase del Proceso de Cambio /
_cAlvaro García Linera.
260 _aBuenos Aires :
_bEdiciones Luxemburg,
_c2012.
300 _a74 p. ;
_c20 cm.
505 _aHACIA UN NUEVO HORIZONTE DE EPOCA
_tDel republicanismo propietario al republicanismo comunitario.
_tLas fases : develamiento de las crisis de Estado.
_tSegunda Fase : El empate catastrófico.
_tTercera Fase : Capacidad de movilización convertida en presencia estatal gubernamental.
_tCuarta Fase : El punto de bifurcación o momento jacobino de la revolución.
_tQuinta Fase del Proceso Revolucionario : la emergencia de las contradicciones creativas.
505 _aLAS TENSIONES CREATIVAS DE LA QUINTA FASE.
_tPrimera Tensión : Relación entre Estado y Movimientos Sociales.
_tSegunda Tensión : Flexibilidad hegemónica frente a firmeza en el Núcleo Social.
_tTercera Tensión : Intereses generales frente a intereses particulares y privados.
_tCuarta Tensión : El Socialismo comunitario del Vivir Bien.
_tLas tensiones secundarias creativas como fuerzas productivas del proceso de cambio.
650 1 0 _92754
_aHISTORIA BOLIVIANA
650 0 _9533
_aREVOLUCION
651 1 0 _92755
_aBOLIVIA
942 _2ddc
_cLIBRO
990 _aUniversidad Nacional de Córdoba - Catálogo Unificado de Bibliotec
999 _c2606
_d2606